000 00325 a2200157 4500
001 164444
020 _a
040 _cMagnum
100 _aVidal, Diana Goncalves
240 1 0 _aA memoria e a sombra
_lpor
245 1 0 _aA memoria e a sombra
362 0 _a1899
440 1 _aAutĂȘntica
697 _aENSINO
942 _cBK
999 _c164444
_d164444